Láminas sobre el conflicto entre Israel y Palestina]
Guardado en:
| Format: | Ukendt |
|---|---|
| Tags: |
Tilføj Tag
Ingen Tags, Vær først til at tagge denne postø!
|
MARC
| LEADER | 00000 a2200000 04500 | ||
|---|---|---|---|
| 001 | 41242 | ||
| 003 | |||
| 008 | 050702s2010 d | ||
| 040 | |||
| 020 | |a [sin ISBN] | ||
| 090 | |a 0007 C748c | ||
| 245 | |a Láminas sobre el conflicto entre Israel y Palestina] | ||
| 300 | |a 8 láminas : ilustraciones a color | ||
| 500 | |a Título proporcionado por la catalogadora | ||
| 999 | |c 15704 |d 15704 | ||
